Statystyki dla Najbardziej religijne państwa świata

Kliknij tutaj aby rozwiązać quiz!

Ogólne statystyki

  • Ten quiz został rozwiązany 42 razy
  • Średni wynik to 6 z 20

Statystyki odpowiedzi

% wierzącychPaństwo% Poprawnych
96%Arabia Saudyjska
73%
97%Afganistan
61%
98%Jemen
55%
96%Oman
55%
98%Niger
42%
98%Somalia
39%
96%Indonezja
36%
96%Jordania
36%
96%Maroko
36%
97%Bangladesz
30%
96%Laos
24%
98%Tajlandia
21%
97%Mauretania
18%
96%Komory
12%
96%Dżibuti
9%
96%Gwinea
9%
96%Mjanma
9%
96%Burundi
6%
97%Sri Lanka
6%
97%Malawi
3%

Rozkład punktacji

Percentyl według liczby udzielonych odpowiedzi

Procent ludzi z każdym wynikiem

Twoja historia wyników

Nie rozwiązałeś tego quizu